Представление документа в формате RUSMARC

ПолеНазваниеЗначение
  Тип записи i
  Библиографический уровень m
001 Контрольный номер RU/IS/BASE/527859476
005 Дата корректировки 20260422114919.7
010 Индекс ISBN __
d Цена 343-97
100 Данные общей обработки __
a Данные общей обработки 19160922d2013||||||| 0rusy0189 ca
101 Язык документа 0_
a Язык текста rus
102 Страна публикации __
a Страна публикации ru
105 Кодированные данные (монография) __
a Кодированные данные (монография) nn|||||||f|zy
200 Заглавие и сведения об ответственности 1_
a Заглавие "Таня"
e Сведения, относящиеся к заглавию пьеса : [спектакль театра имени Маяковского : 12+]
f Первые сведения об ответственности Алексей Арбузов ; [режиссер-постановщик А. Лобанов ; в ролях: М. Бабанова и др.]
b Общее обозначение материала Звукозапись
210 Выходные данные 1_
a Место издания Москва
c Издательство Агентство
d Дата издания 2013
215 Физическое описание __
a Объем 1 электрон. опт. диск (Audio CD)
c Иллюстрации/тип воспроизводства mp3
d Формат 12х14 см
225 Серия 2_
a Серия Audiobook
230 Специфическая характеристика материала: электронные ресурсы __
a Обозначение и объем ресурса Электронные звуковые данные
300 Общие примечания __
a Общие примечания Заглавие с этикетки диска
323 Примечание о главных создателях, исполнителях, участниках __
a Примечание о главных создателях, исполнителях, участниках Бабанова, М. (Таня)
323 Примечание о главных создателях, исполнителях, участниках __
a Примечание о главных создателях, исполнителях, участниках Лукьянов, А. (Герман)
323 Примечание о главных создателях, исполнителях, участниках __
a Примечание о главных создателях, исполнителях, участниках Ханов, А. (Игнатов)
323 Примечание о главных создателях, исполнителях, участниках __
a Примечание о главных создателях, исполнителях, участниках Альтовская, С. (Шаманова)
323 Примечание о главных создателях, исполнителях, участниках __
a Примечание о главных создателях, исполнителях, участниках Дорменко, А. (от автора)
330 Аннотация __
a Аннотация Издание знаменитой пьесы выдающегося советского драматурга Алексея Арбузова "Таня" (1939, перераб. 1947). До 1956 эта пьеса была поставлена 1000 раз. Прибегая к большим временным интервалам между сценами, Арбузов показывает превращение влюбленной студентки во взрослую женщину-врача. Добрая, веселая пьеса ставит тем не менее серьезные вопросы, актуальные и сегодня. Спектакль театра им. Маяковского.
333 Примечание о целевом назначении __
a Примечание о целевом назначении 12+. Для детей старше 12 лет
606 Тематические рубрики __
a Основная рубрика Музыка и зрелищные искусства
606 Тематические рубрики __
a Основная рубрика Художественное радиовещание
606 Тематические рубрики __
a Основная рубрика Художественная литература
606 Тематические рубрики __
a Основная рубрика Русская литература XX в. (произведения)
610 Ключевые слова 0_
a Ключевые слова драматические произведения
a Ключевые слова пьесы
a Ключевые слова советская литература
a Ключевые слова тема выбора
a Ключевые слова тема женщины
a Ключевые слова тема измены
a Ключевые слова тема испытаний
686 Индексы других классификаций __
2 Код системы rubbks
a Классификационный индекс 85.381.3(2)-7я04
686 Индексы других классификаций __
2 Код системы rubbks
a Классификационный индекс 84(2=411.2)6-6я04; ст85.38я0 + ст84(2Рос=Рус)6-6я0
700 Автор _1
a Фамилия Арбузов
b Имя А. Н.
f Даты 1908-1986
g Полное личное имя Алексей Николаевич
4 Код отношения 070
702 Вторичная интеллектуальная ответственность _1
a Фамилия Лобанов
b Имя А.
4 Код отношения Режиссер
4 Код отношения 070
711 Наименование организации. (Альтернативная ответственность) 02
a Организация/ юрисдикция Театр имени Маяковского
801 Источник записи _0
a Страна ru
b Организация Муниципальное бюджетное учреждение культуры "Централизованная библиотечная система" г. Сургут (Центральная городская библиотека им. А. С. Пушкина)
c Дата составления 20160922
g Правила каталогизации КиК/Апакова
801 Источник записи _1
a Страна ru
b Организация Муниципальное бюджетное учреждение культуры "Централизованная библиотечная система" г. Сургут (Центральная городская библиотека им. А. С. Пушкина)
c Дата составления 20160922
g Правила каталогизации КиК/Апакова
852 Данные о местонахождении __
j Шифр хранения 85.381.3(2)-7я04
i Авторский знак А 79
901 Тип документа __
t Тип документа 0
903 Характеристики (МАРС) __
a Дата передачи 20160922
969 Тип издания __
a Тип издания аудиоспектакль; издание для слепых
990 Данные о заказе (DOS) __
j Количество экземпляров (DOS) 4
t N записи в КСУ для И/У (DOS) 201609